Ulice Odrzykonia zaczynające się na literę ,,K" - Statystyki

Ogólne statystyki
  • Ten quiz został rozwiązany 37 razy
  • Średni wynik to 4 z 6
Statystyki odpowiedzi
# Ulica % Poprawnych
4. Krośnieńska
89%
3. Kręta
78%
1. Kazimierza Wielkiego
67%
2. Klemensa z Moskorzewa
44%
5. Księdza Ernesta Świątka
44%
6. Księdza Józefa Panasia
44%
Nie znaleziono quizów pasujących do podanych kryteriów
Rozkład punktacji
Procent ludzi z każdym wynikiem
Percentyl według liczby udzielonych odpowiedzi
Twoja historia wyników
Nie rozwiązałeś tego quizu